00968nam a2200253 a 450000100060000000300080000600500170001400800410003102000150007203500190008704000320010604100080013808200240014610000360017024501050020626000440031130000260035550400360038165100570041765100570047494200120053199900170054395201540056042159BD-RjUL20211209053512.0160609s1969 enk b 001 0 eng  a0710066368 a(BD-RjUL)42277 aDLCcDLCdm.cdBD-RjULbeng aeng a327.47056bLAS 19691 aLaqueur, Walter,d1921-912958214aThe struggle for the Middle East :bthe Soviet Union and the Middle East, 1958-68 /c Walter Laqueur aLondon :bRoutledge & Kegan Paul,c1969 aviii, 360 p. ;c23 cm aIncludes Bibliography and index 0aSoviet UnionxForeign relationszMiddle East9129584 0aMiddle EastxForeign relationszSoviet Union9129583 2ddccBK c42159d42159 00102ddc40708NFICaRUCLbRUCLcStackd1974-05-16eOxford University Pressg55.00l0o327.47056 LAS 1969r2016-06-09 00:00:00tC-2w2016-06-09yBK